000 00259nam a2200109Ia 4500
008 190216s9999||||xx |||||||||||||| ||und||
100 _aForster E M
245 2 _aA Room With A View
260 _bPenguin Books
650 _aEnglish-English Poetry
942 _cBK
999 _c12705
_d12705